[Event "Mittelrhein Verbandsliga Sued 1920"]
[Site "Mittelrhein"]
[Date "2019.09.29"]
[Round "1.5"]
[White "Otto, Wolfgang"]
[Black "Neese, Hans Joachim"]
[Result "1-0"]
[WhiteElo "1890"]
[BlackElo "1987"]
[PlyCount "61"]
[EventDate "2019.09.29"]
[EventType "team-tourn"]
[EventRounds "9"]
[EventCountry "GER"]
[SourceTitle "EXT 2023"]
[Source "ChessBase"]
[SourceDate "2022.10.05"]
[SourceVersion "1"]
[SourceVersionDate "2022.10.05"]
[SourceQuality "1"]
[WhiteTeam "Godesberg III"]
[BlackTeam "Hennef"]
[WhiteTeamCountry "GER"]
[BlackTeamCountry "GER"]

1. d4 Nf6 2. Nf3 d5 3. Bf4 c6 4. c3 Qb6 5. Qb3 Bf5 6. Nbd2 Nbd7 7. h3 h6 8. e3 g5 9. Bg3 Bg7 10. Be2 Ne4 11. Nxe4 Bxe4 12. 0-0 Qxb3 13. axb3 f6 14. b4 a6 15. b5 cxb5 16. Bxb5 Rc8 17. Ba4 e6 18. Nd2 Bd3 19. Rfe1 Ke7 20. e4 b5 21. Bb3 dxe4 22. Nxe4 Rc6 23. d5 Rb6 24. Bc7 Rb7 25. Bd6+ Kd8 26. dxe6 Bxe4 27. Rxe4 f5 28. Re2 Rb6 29. Bb4 Ne5 30. Ba5 Kc7 31. Rd1 1-0

[Event "Mittelrhein Verbandsliga-N 18/19"]
[Site "Nordrheinwestfalen"]
[Date "2019.05.19"]
[Round "11.5"]
[White "Henseler, Klaus"]
[Black "Otto, Wolfgang"]
[Result "1-0"]
[WhiteElo "1797"]
[BlackElo "1926"]
[PlyCount "131"]
[EventDate "2018.09.02"]
[EventType "team-tourn"]
[EventRounds "12"]
[EventCountry "GER"]
[SourceTitle "EXT 2022"]
[Source "ChessBase"]
[SourceDate "2021.10.06"]
[SourceVersion "1"]
[SourceVersionDate "2021.10.06"]
[SourceQuality "1"]
[WhiteTeam "Leverkusen SC Bayer"]
[BlackTeam "Godesberg III"]
[WhiteTeamCountry "GER"]
[BlackTeamCountry "GER"]

1. c4 c6 2. g3 d5 3. Nf3 Nf6 4. Bg2 g6 5. 0-0 Bg7 6. cxd5 cxd5 7. d3 0-0 8. Bg5 Nc6 9. Qd2 Qb6 10. Nc3 Rd8 11. Rab1 a5 12. b3 Bf5 13. Na4 Qa7 14. Rbc1 Ne4 15. dxe4 dxe4 16. Qe3 exf3 17. Qxa7 Nxa7 18. Bxf3 f6 19. Be3 Nc6 20. Kg2 Nb4 21. a3 Nc2 22. Bc5 Nd4 23. Bxd4 Rxd4 24. Rc7 Rb8 25. Bxb7 Bf8 26. Nc5 e5 27. e4 Bxc5 28. Rxc5 Bxe4+ 29. Bxe4 Rxe4 30. Rxa5 Rxb3 31. Ra7 Rd4 32. Rc1 Rb8 33. Rcc7 Rg4 34. Rg7+ Kh8 35. Rxh7+ Kg8 36. Rhe7 Rc8 37. a4 f5 38. Rxe5 Re4 39. Rxe4 fxe4 40. Re7 Rc4 41. a5 Ra4 42. a6 Rxa6 43. Rxe4 Kf7 44. h4 Ra5 45. g4 Kf6 46. Rb4 Ra3 47. f3 Ra1 48. Rb6+ Kg7 49. Kg3 Ra4 50. Rb5 Kh6 51. Rb7 g5 52. Rb6+ Kh7 53. hxg5 Rc4 54. Rf6 Kg7 55. Rd6 Ra4 56. g6 Ra3 57. Kf4 Ra4+ 58. Kg5 Ra5+ 59. Kh4 Ra4 60. Kh5 Rf4 61. Rd7+ Kg8 62. Rf7 Ra4 63. f4 Ra1 64. f5 Ra5 65. Rb7 Ra1 66. f6 1-0

[Event "Mittelrhein Verbandsliga-N 18/19"]
[Site "Nordrheinwestfalen"]
[Date "2018.09.30"]
[Round "2.4"]
[White "Otto, Wolfgang"]
[Black "Eilers, Jochen"]
[Result "1/2-1/2"]
[WhiteElo "1926"]
[BlackElo "1950"]
[PlyCount "105"]
[EventDate "2018.09.02"]
[EventType "team-tourn"]
[EventRounds "12"]
[EventCountry "GER"]
[SourceTitle "EXT 2022"]
[Source "ChessBase"]
[SourceDate "2021.10.06"]
[SourceVersion "1"]
[SourceVersionDate "2021.10.06"]
[SourceQuality "1"]
[WhiteTeam "Godesberg III"]
[BlackTeam "Bergische SF"]
[WhiteTeamCountry "GER"]
[BlackTeamCountry "GER"]

1. d4 Nf6 2. c4 c5 3. d5 b5 4. Nf3 g6 5. Qc2 bxc4 6. Nc3 d6 7. e4 Bg7 8. Bxc4 0-0 9. e5 dxe5 10. Nxe5 Nfd7 11. Nxd7 Nxd7 12. 0-0 Ne5 13. Be2 Bf5 14. Qa4 Qb6 15. Rd1 Rab8 16. h3 Qb4 17. f4 Qxa4 18. Nxa4 Nd7 19. Bd3 Bxd3 20. Rxd3 Rb4 21. Nc3 Rfb8 22. b3 c4 23. bxc4 Rxc4 24. Bd2 Rb2 25. Rc1 Rxd2 26. Rxd2 Rxc3 27. Rxc3 Bxc3 28. Rc2 Bd4+ 29. Kf1 Kg7 30. Rc7 Nf6 31. Rxe7 Nxd5 32. Rd7 Ne3+ 33. Ke2 Bb6 34. g4 Nc2 35. Kf3 Nd4+ 36. Ke4 Ne6 37. Kf3 g5 38. fxg5 Nxg5+ 39. Kg2 Ne6 40. Kf3 a5 41. Rb7 Bc5 42. h4 h6 43. Rb8 a4 44. Ra8 a3 45. Ke4 Be7 46. Ra7 Bf8 47. Ra5 Bb4 48. Ra7 Nf8 49. Ra4 Be7 50. Ra7 Kf6 51. Ra6+ Ne6 52. Ra7 Bb4 53. Ra6 1/2-1/2

[Event "Mittelrhein Verbandsliga-S 17/18"]
[Site "Nordrheinwestfalen"]
[Date "2017.09.10"]
[Round "1.8"]
[White "Tonnicchi, Marco"]
[Black "Otto, Wolfgang"]
[Result "1/2-1/2"]
[WhiteElo "1915"]
[BlackElo "1935"]
[PlyCount "74"]
[EventDate "2017.09.10"]
[EventType "team-tourn"]
[EventRounds "11"]
[EventCountry "GER"]
[SourceTitle "EXT 2022"]
[Source "ChessBase"]
[SourceDate "2021.10.06"]
[SourceVersion "1"]
[SourceVersionDate "2021.10.06"]
[SourceQuality "1"]
[WhiteTeam "Bruehl II"]
[BlackTeam "Godesberg III"]
[WhiteTeamCountry "GER"]
[BlackTeamCountry "GER"]

1. d4 d5 2. Nf3 c6 3. e3 Bg4 4. c4 e6 5. cxd5 exd5 6. Bd3 Nf6 7. Nbd2 Bd6 8. 0-0 0-0 9. Qc2 Nbd7 10. b3 Re8 11. Bb2 Rc8 12. Rac1 Bh5 13. Rfe1 Qc7 14. h3 Bg6 15. Bxg6 hxg6 16. e4 dxe4 17. Nxe4 Nxe4 18. Rxe4 Nf6 19. Rxe8+ Rxe8 20. Re1 Rxe1+ 21. Nxe1 Qe7 22. Nf3 Nd5 23. Bc1 Nb4 24. Qd2 Qe4 25. Ba3 Qb1+ 26. Qe1 Qxe1+ 27. Nxe1 Bf8 28. Bxb4 Bxb4 29. Nc2 Ba5 30. Kf1 Kf8 31. Ke2 Ke7 32. Kd3 f5 33. Ne3 Ke6 34. f3 b5 35. g4 Bc7 36. Nc2 Bd6 37. Ne3 Bg3 1/2-1/2

[Event "Mittelrhein Regionalliga 16/17"]
[Site "Nordrheinwestfalen"]
[Date "2017.01.29"]
[Round "7.1"]
[White "Coenen, Norbert"]
[Black "Otto, Wolfgang"]
[Result "1-0"]
[WhiteElo "2257"]
[BlackElo "1964"]
[PlyCount "61"]
[EventDate "2016.09.11"]
[EventType "team-tourn"]
[EventRounds "11"]
[EventCountry "GER"]
[SourceTitle "EXT 2022"]
[Source "ChessBase"]
[SourceDate "2021.10.06"]
[SourceVersion "1"]
[SourceVersionDate "2021.10.06"]
[SourceQuality "1"]
[WhiteTeam "Aachen SV II"]
[BlackTeam "Godesberg III"]
[WhiteTeamCountry "GER"]
[BlackTeamCountry "GER"]

1. e4 e6 2. d4 d5 3. Nd2 c5 4. exd5 exd5 5. Ngf3 Nc6 6. Bb5 Bd6 7. dxc5 Bxc5 8. Nb3 Bd6 9. 0-0 Nge7 10. Re1 0-0 11. Bd3 h6 12. h3 Bf5 13. c3 Be4 14. Bxe4 dxe4 15. Nfd4 f5 16. Ne6 Qb8 17. Nxf8 Kxf8 18. Nd4 Nxd4 19. Qxd4 Be5 20. Qc4 Qd6 21. Be3 Rc8 22. Qe2 a6 23. Rad1 Qe6 24. Bd4 Bxd4 25. Rxd4 Nc6 26. Rd2 Ne5 27. Red1 Qg6 28. Rd6 Qg5 29. Qe3 Qe7 30. Qf4 Kg8 31. Qxf5 1-0

[Event "Mittelrhein Regionalliga 15/16"]
[Site "Nordrheinwestfalen"]
[Date "2016.03.13"]
[Round "8.7"]
[White "Otto, Wolfgang"]
[Black "Schmidt, Kai Uwe"]
[Result "0-1"]
[WhiteElo "1933"]
[BlackElo "1950"]
[PlyCount "68"]
[EventDate "2015.09.27"]
[EventType "team-tourn"]
[EventRounds "9"]
[EventCountry "GER"]
[SourceTitle "EXT 2022"]
[Source "ChessBase"]
[SourceDate "2021.10.06"]
[SourceVersion "1"]
[SourceVersionDate "2021.10.06"]
[SourceQuality "1"]
[WhiteTeam "Godesberg III"]
[BlackTeam "Koeln SF II"]
[WhiteTeamCountry "GER"]
[BlackTeamCountry "GER"]

1. d4 Nf6 2. c4 g6 3. Nc3 Bg7 4. e4 0-0 5. h3 d6 6. Bg5 Na6 7. Nf3 Qe8 8. Be2 e5 9. d5 Nh5 10. g3 f6 11. Bd2 f5 12. a3 Nc5 13. Ng5 Nf6 14. b4 Ncxe4 15. Ngxe4 fxe4 16. Be3 Bd7 17. g4 Qe7 18. Qc2 c6 19. Nxe4 cxd5 20. cxd5 Bh8 21. Nxf6+ Bxf6 22. Qe4 Bg5 23. 0-0 Bf4 24. Kg2 Qg5 25. Rh1 Bf5 26. Qf3 Bxe3 27. fxe3 Bd3 28. Bxd3 Rxf3 29. Kxf3 Rf8+ 30. Ke2 e4 31. Bxe4 Re8 32. h4 Qe5 33. Bc2 Qxe3+ 34. Kd1 Qd4+ 0-1

[Event "Mittelrhein Regionalliga 15/16"]
[Site "Nordrheinwestfalen"]
[Date "2015.10.18"]
[Round "2.7"]
[White "Otto, Wolfgang"]
[Black "Reuter, Michael"]
[Result "1-0"]
[WhiteElo "1933"]
[BlackElo "2035"]
[PlyCount "79"]
[EventDate "2015.09.27"]
[EventType "team-tourn"]
[EventRounds "9"]
[EventCountry "GER"]
[SourceTitle "EXT 2022"]
[Source "ChessBase"]
[SourceDate "2021.10.06"]
[SourceVersion "1"]
[SourceVersionDate "2021.10.06"]
[SourceQuality "1"]
[WhiteTeam "Godesberg III"]
[BlackTeam "Langenfeld"]
[WhiteTeamCountry "GER"]
[BlackTeamCountry "GER"]

1. d4 Nf6 2. c4 c5 3. d5 e6 4. Nc3 exd5 5. cxd5 d6 6. Nf3 g6 7. Bf4 Bg7 8. Qa4+ Bd7 9. Qb3 Qc7 10. e4 0-0 11. Nd2 Re8 12. Be2 a6 13. a4 Bc8 14. 0-0 Nbd7 15. Rfe1 Rb8 16. Qc2 Ne5 17. Bxe5 Rxe5 18. Nc4 Re8 19. a5 Qe7 20. Bf3 Bg4 21. Qe2 Bxf3 22. Qxf3 Nd7 23. g3 Ne5 24. Nxe5 Qxe5 25. Qd3 h5 26. Na4 Qe7 27. Rab1 Qd7 28. Nb6 Qb5 29. Qa3 Re7 30. b4 c4 31. Rbc1 c3 32. Qb3 Rc7 33. Rc2 Re8 34. Kg2 Qd3 35. Re3 Qd4 36. Na4 Rxe4 37. Rexc3 Rxc3 38. Rxc3 Re1 39. Rc8+ Kh7 40. Qf3 1-0

[Event "Mittelrhein Regionalliga 15/16"]
[Site "Nordrheinwestfalen"]
[Date "2015.09.27"]
[Round "1.7"]
[White "Otto, Wolfgang"]
[Black "Kummer, Wolfram"]
[Result "1-0"]
[WhiteElo "1933"]
[BlackElo "2081"]
[PlyCount "81"]
[EventDate "2015.09.27"]
[EventType "team-tourn"]
[EventRounds "9"]
[EventCountry "GER"]
[SourceTitle "EXT 2022"]
[Source "ChessBase"]
[SourceDate "2021.10.06"]
[SourceVersion "1"]
[SourceVersionDate "2021.10.06"]
[SourceQuality "1"]
[WhiteTeam "Godesberg III"]
[BlackTeam "Godesberg II"]
[WhiteTeamCountry "GER"]
[BlackTeamCountry "GER"]

1. d4 e6 2. c4 b6 3. Nf3 Bb7 4. g3 Nf6 5. Bg2 Be7 6. 0-0 0-0 7. Nc3 d5 8. cxd5 Nxd5 9. Re1 Na6 10. e4 Nf6 11. Bg5 h6 12. Bxf6 Bxf6 13. Qd2 c5 14. Rad1 cxd4 15. Nxd4 Bxd4 16. Qxd4 Qc7 17. Qd7 Rfd8 18. Qxc7 Nxc7 19. f4 Kf8 20. e5 Bxg2 21. Kxg2 Ke7 22. Kf3 h5 23. h3 g6 24. a3 Rac8 25. Ke2 b5 26. Rxd8 Rxd8 27. Rd1 Rxd1 28. Kxd1 Kd7 29. Kd2 Kc6 30. Ne4 Nd5 31. Ng5 h4 32. gxh4 Nxf4 33. Ke3 Ng2+ 34. Ke4 Nxh4 35. Nxf7 Nf5 36. Nh8 Ne7 37. b4 a6 38. h4 Kb6 39. Kf4 Kc6 40. Kg5 Kd5 41. Nxg6 1-0

[Event "Mittelrhein Regionalliga 1415"]
[Site "Mittelrhein"]
[Date "2014.09.28"]
[Round "1.6"]
[White "Biedekoepper, Robert"]
[Black "Otto, Wolfgang"]
[Result "1-0"]
[WhiteElo "2020"]
[BlackElo "1956"]
[PlyCount "47"]
[EventDate "2014.09.28"]
[EventType "team-tourn"]
[EventRounds "9"]
[EventCountry "GER"]
[SourceTitle "EXT 2023"]
[Source "ChessBase"]
[SourceDate "2022.10.05"]
[SourceVersion "1"]
[SourceVersionDate "2022.10.05"]
[SourceQuality "1"]
[WhiteTeam "Godesberg II"]
[BlackTeam "Godesberg III"]
[WhiteTeamCountry "GER"]
[BlackTeamCountry "GER"]

1. d4 d5 2. c4 c6 3. Nf3 e6 4. e3 f5 5. Nc3 Bd6 6. Be2 Nf6 7. 0-0 Nbd7 8. Qc2 Ne4 9. Nxe4 fxe4 10. Ne1 0-0 11. f4 Rf6 12. g4 Nf8 13. g5 Rf7 14. Bh5 g6 15. Bg4 b6 16. b3 Ba6 17. Rf2 c5 18. Bb2 Rc7 19. dxc5 Bxc5 20. Qc3 Bb7 21. Nc2 a5 22. Rd1 Qc8 23. cxd5 Be7 24. Qg7# 1-0

[Event "Mittelrhein Verbandsliga Ost 1314"]
[Site "Mittelrhein"]
[Date "2014.02.09"]
[Round "7.4"]
[White "Otto, Wolfgang"]
[Black "Kaganowski, Alexander"]
[Result "0-1"]
[WhiteElo "1955"]
[BlackElo "2084"]
[PlyCount "80"]
[EventDate "2013.09.15"]
[EventType "team-tourn"]
[EventRounds "11"]
[EventCountry "GER"]
[SourceTitle "EXT 2023"]
[Source "ChessBase"]
[SourceDate "2022.10.05"]
[SourceVersion "1"]
[SourceVersionDate "2022.10.05"]
[SourceQuality "1"]
[WhiteTeam "Godesberg IV"]
[BlackTeam "Rheinbacher SF"]
[WhiteTeamCountry "GER"]
[BlackTeamCountry "GER"]

1. d4 Nf6 2. c4 c5 3. d5 e6 4. Nc3 exd5 5. cxd5 Bd6 6. Nf3 Qe7 7. Bg5 h6 8. Bxf6 Qxf6 9. Ne4 Qe7 10. Nxd6+ Qxd6 11. e4 Qb6 12. Qd2 d6 13. h3 0-0 14. Bd3 Re8 15. 0-0 Na6 16. Rac1 Bd7 17. Rfe1 Bb5 18. Bxb5 Qxb5 19. e5 Qd7 20. Rcd1 Rad8 21. e6 Qa4 22. b3 Qb4 23. Qc2 Qf4 24. a3 Nc7 25. exf7+ Qxf7 26. Qd3 Rxe1+ 27. Nxe1 Rf8 28. Rd2 Re8 29. Nc2 Re5 30. Ne3 Qf4 31. Qc4 Re4 32. Qe2 Qe5 33. Qd1 Nb5 34. a4 Nd4 35. Rd3 Nf5 36. Qd2 Qa1+ 37. Kh2 Nd4 38. Kg3 Ne2+ 39. Kf3 Ng1+ 40. Kg3 Qe5+ 0-1

[Event "Mittelrhein Verbandsliga Ost 1314"]
[Site "Mittelrhein"]
[Date "2014.01.19"]
[Round "6.4"]
[White "Herzwurm, Robert"]
[Black "Otto, Wolfgang"]
[Result "1/2-1/2"]
[WhiteElo "2052"]
[BlackElo "1955"]
[PlyCount "47"]
[EventDate "2013.09.15"]
[EventType "team-tourn"]
[EventRounds "11"]
[EventCountry "GER"]
[SourceTitle "EXT 2023"]
[Source "ChessBase"]
[SourceDate "2022.10.05"]
[SourceVersion "1"]
[SourceVersionDate "2022.10.05"]
[SourceQuality "1"]
[WhiteTeam "Euskirchen Turm"]
[BlackTeam "Godesberg IV"]
[WhiteTeamCountry "GER"]
[BlackTeamCountry "GER"]

1. e4 e6 2. d4 d5 3. exd5 exd5 4. Bd3 Nc6 5. Ne2 Bd6 6. Nbc3 Nge7 7. Bg5 f6 8. Bf4 Nb4 9. 0-0 c6 10. Re1 Nxd3 11. Qxd3 0-0 12. Qd2 Ng6 13. Bxd6 Qxd6 14. Nd1 Bd7 15. f3 Rae8 16. Nf2 Re7 17. Ng3 Rfe8 18. Nd3 b6 19. Rxe7 Rxe7 20. Re1 Kf8 21. Rxe7 Qxe7 22. Kf2 Qd6 23. Qb4 Qxb4 24. Nxb4 1/2-1/2

[Event "Mittelrhein Verbandsliga Ost 1314"]
[Site "Mittelrhein"]
[Date "2013.09.15"]
[Round "1.3"]
[White "Otto, Wolfgang"]
[Black "Kneutgen, Alexander"]
[Result "1/2-1/2"]
[WhiteElo "1955"]
[BlackElo "2028"]
[PlyCount "134"]
[EventDate "2013.09.15"]
[EventType "team-tourn"]
[EventRounds "11"]
[EventCountry "GER"]
[SourceTitle "EXT 2023"]
[Source "ChessBase"]
[SourceDate "2022.10.05"]
[SourceVersion "1"]
[SourceVersionDate "2022.10.05"]
[SourceQuality "1"]
[WhiteTeam "Godesberg IV"]
[BlackTeam "Niederkassel II"]
[WhiteTeamCountry "GER"]
[BlackTeamCountry "GER"]

1. d4 d5 2. c4 dxc4 3. Nf3 Nf6 4. e3 e6 5. Bxc4 a6 6. 0-0 c5 7. Bb3 Nc6 8. Nc3 b5 9. a4 b4 10. Ne2 Bb7 11. Ng3 Na5 12. Bc2 c4 13. e4 h6 14. Qe2 Be7 15. Rd1 0-0 16. e5 Nh7 17. Ne1 Rc8 18. Qg4 Kh8 19. Qh5 Bg5 20. f4 Be7 21. f5 Bg5 22. h4 Bxc1 23. Raxc1 Rg8 24. fxe6 fxe6 25. Nf3 Bxf3 26. gxf3 Qe8 27. Qg6 Qxg6 28. Bxg6 Rgf8 29. Kg2 Nb3 30. Rc2 Rfd8 31. Ne2 Nf8 32. Be4 Nd7 33. Bb7 Rc7 34. Bxa6 Nxe5 35. Bb5 Rcc8 36. f4 Nc6 37. Rxc4 Nba5 38. Rcc1 Ne7 39. Kf3 Nf5 40. h5 Rxc1 41. Rxc1 Nb3 42. Rd1 g6 43. hxg6 Kg7 44. Bc4 Nc5 45. a5 Kf6 46. a6 Na4 47. Bb5 Nb6 48. Bc6 Ne7 49. Be4 Nxg6 50. Rh1 Rh8 51. Ng3 Ne7 52. Nh5+ Kf7 53. Rc1 Rc8 54. Rc5 Rxc5 55. dxc5 Nbc8 56. Bb7 Na7 57. Kg4 Nf5 58. Ng3 Ne3+ 59. Kh5 Nc4 60. Ne2 Nxb2 61. Nd4 Nd3 62. c6 Ke7 63. f5 exf5 64. Nxf5+ Kd8 65. Nd4 Nc5 66. Kxh6 b3 67. Nxb3 Nxb3 1/2-1/2

[Event "Verbandsliga Mittelrhein-Ost 1213"]
[Site "Germany"]
[Date "2013.01.13"]
[Round "6.3"]
[White "Konzen, Horst"]
[Black "Otto, Wolfgang"]
[Result "1/2-1/2"]
[WhiteElo "1937"]
[BlackElo "1952"]
[PlyCount "60"]
[EventDate "2012.09.09"]
[EventType "team"]
[EventRounds "11"]
[EventCountry "GER"]
[SourceTitle "EXT 2015"]
[Source "ChessBase"]
[SourceDate "2014.11.20"]
[SourceVersion "1"]
[SourceVersionDate "2014.11.20"]
[SourceQuality "1"]
[WhiteTeam "Niederkassel II"]
[BlackTeam "Godesberg V"]
[WhiteTeamCountry "GER"]
[BlackTeamCountry "GER"]

1. d4 d5 2. c4 c6 3. Nf3 e6 4. Nc3 dxc4 5. a4 Bb4 6. e3 b5 7. Bd2 a5 8. Rb1 Ba6 9. Ne5 Qc7 10. Qg4 g6 11. Qf4 Bd6 12. Ne4 Ra7 13. b3 cxb3 14. Rxb3 bxa4 15. Rb1 f5 16. Nxd6+ Qxd6 17. Bxa6 Nxa6 18. Nxg6 Qxf4 19. Nxf4 Kd7 20. Bxa5 Ne7 21. Ke2 Nd5 22. Nd3 Nb8 23. Ne5+ Kd6 24. Nc4+ Ke7 25. Bb4+ Nxb4 26. Rxb4 Nd7 27. Ra1 Rha8 28. Ra3 c5 29. Rb5 cxd4 30. exd4 Kf6 1/2-1/2